| 000 | 00669nam a22002057a 4500 | ||
|---|---|---|---|
| 005 | 20180423141046.0 | ||
| 010 | _aENG-122775 | ||
| 020 |
_a9789352803514 _c1095.00 |
||
| 035 | _aEN-106307 | ||
| 037 | _bDBAD/PUB | ||
| 082 | 0 | 0 | _a302.230951 |
| 245 | 1 | 0 |
_aNew media and transformation of social life in china / _ced. by Xinxum WU; Han Zheng [and] Xiaokun WU |
| 260 |
_a New Delhi _bSAGE Publications, _c2018 |
||
| 270 |
_aB1/I-1 Mohan Cooperative Industrial Area, Mathura Road _b New Delhi _e110044 |
||
| 300 |
_a235p. _c23 cm.(Hb) |
||
| 700 | _aXinxum WU | ||
| 700 | _aHan Zheng | ||
| 700 | _aXiaokun WU | ||
| 942 |
_2ddc _cEN _h302.230951 _mNEW |
||
| 999 |
_c151679 _d151679 |
||